Normal view
MARC view
- Schütz, Daniel
Entry Personal Name
001 - CONTROL NUMBER
- control field: 84752
003 - CONTROL NUMBER IDENTIFIER
- control field: NUST
005 - DATE AND TIME OF LATEST TRANSACTION
- control field: 20211122093105.0
008 - FIXED-LENGTH DATA ELEMENTS
- fixed length control field: 211122|| aca||aabn | a|a d
040 ## - CATALOGING SOURCE
- Original cataloging agency: NUST
- Transcribing agency: NUST
100 ## - HEADING--PERSONAL NAME
- Personal name: Schütz, Daniel
670 ## - SOURCE DATA FOUND
- Source citation: Work cat.: (NUST)32990: Schutz, Daniel 84743, Robotic systems for handling and Assembly /, c2010.
